Normal view MARC view

Entry Topical Term

Number of records used in: 1

001 - CONTROL NUMBER

  • control field: 1114993

003 - CONTROL NUMBER IDENTIFIER

  • control field: OSt

005 - DATE AND TIME OF LATEST TRANSACTION

  • control field: 20260211111108.0

008 - FIXED-LENGTH DATA ELEMENTS

  • fixed length control field: 260211|| aca||aabn | a|a d

040 ## - CATALOGING SOURCE

  • Original cataloging agency: OSt
  • Transcribing agency: OSt

150 ## - HEADING--TOPICAL TERM

  • Topical term or geographic name entry element: संस्कृत नाटक

670 ## - SOURCE DATA FOUND

  • Source citation: Work cat.: (OSt)1679214: द्विवेदी, हजारीप्रसाद 1114992, नाट्यशास्त्र की भारतीय परंपरा और दशरूपक:, 2019.
Copyright @ Delhi University Library System